[Event "1st WMSG Blitz Ind w"]
[Site "Beijing CHN"]
[Date "2008.10.04"]
[Round "6"]
[White "Le Kieu Thien Kim"]
[Black "Pham Le Thao Nguyen"]
[Result "1-0"]
[WhiteElo "2291"]
[BlackElo "2304"]

1.d4 d5 2.Nf3 Nf6 3.c4 c6 4.Nc3 a6 5.cxd5 cxd5 6.Bf4 Nc6 7.e3 e6 8.Bd3 Be7
9.h3 O-O 10.O-O b5 11.Rc1 Bb7 12.a3 Rc8 13.b4 Nd7 14.Bb1 Re8 15.Qd3 g6 16.Rfd1 Bf8
17.e4 dxe4 18.Nxe4 Ba8 19.Nd6 Nb6 20.Nxc8 Nxc8 21.Ne5 N6e7 22.Bg5 Bg7 23.f3 f6
24.Ba2 Bd5 25.Bxd5 Qxd5 26.Bxf6 Bxf6 27.Ng4 Bg7 28.Qe4 Nd6 29.Qxd5 Nxd5 30.Rc6 Nc4
31.Rxa6 Nc3 32.Rd3 Ne2+ 33.Kf2 Nxd4 34.Ne3 Nxe3 35.Kxe3 Nf5+ 36.Kf2 Rb8 37.g4 Nd4
38.Rd6 e5 39.Rd5 Kf7 40.Rc5 Ke6 41.Kg3 Bh6 42.Rc7 Bf4+ 43.Kf2 h5 44.gxh5 gxh5
45.Rh7 Rc8 46.Rxh5 Rc2+ 47.Ke1 Kd5 48.Rh7 Kc4 49.Rd1 Nxf3+ 50.Kf1 Be3 51.Rc7+ Kb3
52.Rd3+ Kb2 53.Rxc2+ Kxc2 54.Rxe3 Nd2+ 55.Ke2 Nc4 56.Re4 Nxa3 57.Rxe5 Kc3
58.Re4 Nc4 59.h4 Kxb4 60.h5 Kc3 61.h6 Nd6 62.Re7 Nf5 63.Rc7+  1-0

[Event "Chigorin Memorial"]
[Site "St Petersburg RUS"]
[Date "2008.10.04"]
[Round "1"]
[White "Makarov,M"]
[Black "Shlakich,A"]
[Result "1-0"]
[WhiteElo "2536"]
[BlackElo "2203"]

1.Nf3 Nf6 2.c4 c6 3.Nc3 d5 4.d4 a6 5.cxd5 cxd5 6.Bg5 Nc6 7.Bxf6 gxf6 8.e3 Bg4
9.Be2 e6 10.Nh4 f5 11.g3 Bxe2 12.Nxe2 Rc8 13.Nf4 Bd6 14.Nd3 Nb4 15.Nxb4 Bxb4+
16.Kf1 O-O 17.Kg2 Qe7 18.Rc1 Rc7 19.a3 Bd6 20.Nf3 Rfc8 21.Qd2 Rc4 22.Rhd1 Qc7
23.Rxc4 Qxc4 24.Ne1 Kh8 25.Nd3 Qc2 26.Qe1 Qb3 27.Rd2 Rc6 28.Qe2 Rc7 29.Qh5 Qb5
30.h3 Qe8 31.Qg5 Qe7 32.Qh5 b6 33.Qe2 b5 34.Rc2 Rc4 35.b3 Rc7 36.a4 bxa4
37.bxa4 Qd7 38.Rxc7 Qxc7 39.g4 fxg4 40.hxg4 Qc4 41.Qd1 Kg7 42.Ne1 e5 43.Nf3 e4
44.Nh4 Kh8 45.Nf5 Bf8 46.f3 Qa2+ 47.Kg3 Qa3 48.fxe4 dxe4 49.Qc2 Qb4 50.Kg2 Qb7
51.Ng3 Qd7 52.Qxe4 Qxa4 53.Qe5+ Kg8 54.Ne4 Qa2+ 55.Kf3 Qe6 56.Qf4 Qh6 57.g5 Qc6
58.Qf5 Be7 59.d5 Qg6 60.Qe5 Qh5+ 61.Kg3 Bxg5 62.Nf6+  1-0

[Event "Chigorin Memorial"]
[Site "St Petersburg RUS"]
[Date "2008.10.05"]
[Round "2"]
[White "Prelovskij,R"]
[Black "De Luna Butz,A"]
[Result "1/2-1/2"]
[WhiteElo "2137"]
[BlackElo "1830"]

1.c4 Nf6 2.Nc3 c6 3.Nf3 d5 4.d4 a6 5.c5 Nbd7 6.e3 g6 7.Qc2 Bg7 8.h3 Qc7 9.b4 e5
10.Be2 O-O 11.O-O e4 12.Nd2 h6 13.a4 Nh7 14.Nb3 f5 15.Bd2 Ng5 16.b5 axb5
17.axb5 Rxa1 18.Rxa1 Ne6 19.f4 exf3 20.Bxf3 Ng5 21.Rf1 Nf6 22.b6 Qg3 23.Ne2 Nxh3+
24.Kh1 Nf2+ 25.Kg1 Nh3+  1/2-1/2

[Event "Chigorin Memorial"]
[Site "St Petersburg RUS"]
[Date "2008.10.05"]
[Round "2"]
[White "Fokin,A"]
[Black "Butuc,M"]
[Result "0-1"]
[WhiteElo "1919"]
[BlackElo "2159"]

1.d4 d5 2.c4 c6 3.Nf3 Nf6 4.Nc3 a6 5.c5 g6 6.Bf4 Bg7 7.e3 Nbd7 8.Bd3 O-O
9.h3 Ne8 10.b4 Nc7 11.Qb3 Re8 12.Bg5 Nb5 13.Ne2 Nc7 14.O-O Nf8 15.a4 Bf5
16.Bxf5 gxf5 17.Bh4 Ng6 18.Bg3 f6 19.Qc2 e6 20.h4 Qd7 21.h5 Nh8 22.Nh4 Nf7
23.f3 Nh6 24.Bf4 Nf7 25.Bh2 Nh6 26.Ng3 Kh8 27.Qd2 Rad8 28.Rab1 Rg8 29.Kh1 Qe7
30.Qf2 Qd7 31.Rg1 Qc8 32.Qc2 f4 33.exf4 f5 34.Ne2 Bf6 35.g3 Qd7 36.Ng2 Qf7
37.Ne3 Qxh5 38.Rbf1 Rg7 39.g4 fxg4 40.fxg4 Nxg4 41.Nxg4 Rxg4 42.Rxg4 Qxg4
43.f5 Rg8 44.Rf2 Bxd4 45.Nxd4 Qxd4 46.Bxc7 Qa1+ 47.Kh2 Qg1+ 48.Kh3 Qg4+  0-1

[Event "Autumn-5"]
[Site "Alushta UKR"]
[Date "2008.10.06"]
[Round "13"]
[White "Amanov,M"]
[Black "Iljin,T"]
[Result "1-0"]
[WhiteElo "2385"]
[BlackElo "2408"]

1.d4 Nf6 2.Nf3 d5 3.c4 c6 4.Nc3 a6 5.cxd5 cxd5 6.Bf4 Nc6 7.Rc1 Bf5 8.e3 e6
9.Be2 Bd6 10.Bxd6 Qxd6 11.O-O O-O 12.Na4 b5 13.Nc5 Nd7 14.a4 Nxc5 15.dxc5 Qb8
16.axb5 axb5 17.Nd4 Nxd4 18.Qxd4 b4 19.Ra1 Qb7 20.h3 h6 21.Rfc1 Rxa1 22.Rxa1 Rc8
23.Ra5 b3 24.Qc3 Bc2 25.Ba6 d4 26.exd4 Qc7 27.Bxc8 Qxc8 28.c6 Be4 29.c7 Bb7
30.Rb5 Kh7 31.Rxb7 Qxb7 32.c8=Q  1-0

[Event "Belgrade Premier League"]
[Site "Belgrade SRB"]
[Date "2008.10.06"]
[Round "2"]
[White "Lapcevic,M"]
[Black "Mihic,B"]
[Result "1/2-1/2"]
[WhiteElo "2355"]
[BlackElo "2376"]

1.d4 d5 2.c4 c6 3.Nf3 Nf6 4.Nc3 a6 5.a4 e6 6.Bg5 Nbd7 7.e3 Qa5 8.Rc1 Ne4
9.cxd5 exd5 10.Bf4 Ndf6 11.Bd3 Bg4 12.Qb3 Qb4 13.Qxb4 Bxb4 14.Ne5 Be6 15.Ke2 g5
16.Bg3 h6 17.f3 Nxg3+ 18.hxg3 Nd7 19.f4 Nxe5 20.dxe5 Bg4+ 21.Kf2 f6 22.Bg6+ Ke7
23.Nxd5+ cxd5 24.Rc7+ Ke6 25.Bf7+ Kf5 26.Bxd5 gxf4 27.gxf4 fxe5 28.Rxb7 Rab8
29.Rxh6 Rxh6 30.Rxb8 a5 31.Rb5 Rh1 32.Bf3 Bxf3 33.Rxe5+ Kf6 34.Kxf3 Rb1 35.g4 Rxb2
36.g5+ Kf7 37.Rb5 Ra2 38.f5 Rxa4 39.Rb7+ Kf8 40.Rb8+ Kg7 41.Rb7+ Kf8 42.e4 Bc3
43.f6 Ra1 44.Kg4 Rf1 45.Ra7 Bxf6 46.gxf6 Rxf6 47.Rxa5 Rb6 48.Kf5 Ke7 49.Ra7+ Ke8
50.e5 Kf8 51.Rh7 Ra6 52.Rh5 Rb6 53.Rh4 Ra6 54.Rc4 Rb6 55.Rd4 Ke7 56.Ra4 Rc6
57.Ra7+ Ke8  1/2-1/2

[Event "58th TCh w 1st Div"]
[Site "Borovets BUL"]
[Date "2008.10.07"]
[Round "7"]
[White "Ilieva,H"]
[Black "Stefanova,M"]
[Result "0-1"]
[WhiteElo "2147"]
[BlackElo "2005"]

1.d4 d5 2.Nf3 Nf6 3.c4 c6 4.Nc3 a6 5.c5 h6 6.Bf4 Nh5 7.e3 Nxf4 8.exf4 g6
9.Ne5 Bg7 10.Bd3 O-O 11.O-O Nd7 12.b4 Qc7 13.a4 b6 14.h4 Bf6 15.h5 g5 16.Bc2 Bg7
17.Qd3 f5 18.Ng6 Rf7 19.Rfe1 Nf6 20.cxb6 Qd6 21.Ne5 Rf8 22.fxg5 hxg5 23.Qg3 Ng4
24.Nxg4 Qxg3 25.fxg3 Bxd4+ 26.Nf2 Bxc3 27.Rab1 e5 28.Red1 e4 29.Nh3 f4 30.Nxg5 fxg3
31.Nxe4 dxe4 32.Bxe4 Bf5 33.Bxf5 Rxf5 34.Rd3 Be5 35.Rc1 Raf8 36.Rcd1 Rf4  0-1

[Event "58th TCh m 1st Div"]
[Site "Borovets BUL"]
[Date "2008.10.07"]
[Round "7"]
[White "Rusev,K"]
[Black "Georgiev,Vl"]
[Result "1/2-1/2"]
[WhiteElo "2541"]
[BlackElo "2517"]

1.d4 d5 2.Nf3 Nf6 3.c4 c6 4.Nc3 a6 5.c5 Nbd7 6.Bf4 Nh5 7.Bd2 Nhf6 8.Rc1 g6
9.h3 Bg7 10.Bf4 Ne4 11.e3 Qa5 12.Be2 Nxc3 13.bxc3 e5 14.Bg3 exd4 15.exd4 O-O
16.O-O Bh6 17.Bd3 Nf6 18.Re1 Ne4 19.Bxe4 dxe4 20.Rxe4 Bf5 21.Re7 Qxa2 22.Rxb7 Bxc1
23.Qxc1 f6 24.c4 Rf7 25.Rb2 Qa5 26.Bd6 Re8 27.Rb3 Qd8 28.Qa1 a5 29.d5 Be4
30.Nd4 cxd5 31.f3 Bf5 32.cxd5 Kg7 33.Kh2 Qa8 34.c6 Rd8 35.c7 Rc8 36.Rb5 Qa6
37.Bg3 Rfxc7 38.Nxf5+ gxf5 39.Rxa5 Qb7 40.d6 Rc1 41.Qa4 Qb6 42.Bf4 Qg1+ 43.Kg3 Qe1+
44.Kh2 Qg1+ 45.Kg3 R1c2 46.Kh4 Kg6 47.g4 R2c4 48.d7 Qe1+ 49.Bg3 Qe3 50.Bf4 Qe1+
51.Bg3 Qc1 52.f4 Rxa4 53.dxc8=Q Qxc8 54.Rxa4 Qd8 55.Ra1 h6 56.Re1 Qd5 57.Ra1 Qc5
58.Re1 Qc3 59.Rb1 Qd3 60.Rc1 Qe3 61.Ra1 Qe4 62.Rc1 Qe7 63.Re1 Qd8 64.Ra1 fxg4
65.hxg4 f5+ 66.Kh3 fxg4+ 67.Kxg4 Qd3 68.Kh3 Qf5+ 69.Kg2 Qd5+ 70.Kh3 Qd7+
71.Kh2 Kh5 72.Bf2 Qd2 73.Kg2 Kg4 74.Ra3 Qd5+ 75.Kg1 h5 76.f5 Qd1+ 77.Kg2 Qd5+
78.Kg1 Qd1+ 79.Kg2 h4 80.f6 Qd5+ 81.Kg1 Qc6 82.Rb3 Qc1+ 83.Kg2 Qc6+ 84.Kg1 Qxf6
85.Rb4+ Kf3 86.Rb3+ Ke2 87.Re3+ Kd2 88.Rh3 Qg5+ 89.Kf1 Qb5+ 90.Kg1 Qb1+ 91.Kh2 Qb8+
92.Kg1 Qg8+ 93.Kh2 Ke2 94.Bxh4 Qg4 95.Bg3 Kf1 96.Rh4 Qe2+ 97.Kh3 Qe6+ 98.Kh2 Qe2+
99.Kh3 Kg1 100.Rg4 Qe6 101.Bh4+ Kf1 102.Kg3 Qe3+ 103.Kh2 Qe2+ 104.Kh3 Qf3+
105.Rg3 Qf5+ 106.Kh2 Qh5 107.Kh3 Ke2 108.Rg5 Qf3+ 109.Rg3 Qf5+ 110.Kh2 Qf7
111.Kh3 Kf1 112.Rg4 Qf5 113.Kg3 Kg1 114.Rf4 Qg6+ 115.Rg4 Qf5 116.Rf4 Qd3+  1/2-1/2

[Event "1st WMSG Rapid Ind w KO"]
[Site "Beijing CHN"]
[Date "2008.10.08"]
[Round "2.3"]
[White "Huang Qian"]
[Black "Houska,Jo"]
[Result "1-0"]
[WhiteElo "2430"]
[BlackElo "2399"]

1.d4 d5 2.c4 c6 3.Nf3 Nf6 4.Nc3 a6 5.c5 g6 6.Bf4 Bg7 7.h3 Bf5 8.e3 O-O 9.Nd2 Nfd7
10.g4 Be6 11.Be2 f6 12.g5 Bf7 13.gxf6 Bxf6 14.Nf3 Re8 15.Ne5 Nxe5 16.dxe5 Bg7
17.h4 Nd7 18.Qd4 Qc7 19.e6 Bxd4 20.exf7+ Kxf7 21.Bxc7 Bxc3+ 22.bxc3 Nxc5
23.Be5 Nd7 24.Bg3 e5 25.O-O b5 26.a4 Kf6 27.h5 Nc5 28.axb5 axb5 29.hxg6 hxg6
30.f4 e4 31.Bh4+ Kf5 32.Kf2 Rh8 33.Rxa8 Rxa8 34.Rg1 Ra2 35.Rg5+ Ke6  1-0

[Event "1st WMSG Rapid Ind w KO"]
[Site "Beijing CHN"]
[Date "2008.10.08"]
[Round "2.2"]
[White "Houska,Jo"]
[Black "Huang Qian"]
[Result "1-0"]
[WhiteElo "2399"]
[BlackElo "2430"]

1.d4 d5 2.c4 c6 3.Nf3 Nf6 4.Nc3 a6 5.c5 g6 6.h3 Bg7 7.Bf4 Bf5 8.e3 O-O 9.Nd2 Nfd7
10.g4 Be6 11.h4 b6 12.cxb6 Qxb6 13.Na4 Qa5 14.Rc1 c5 15.dxc5 Rc8 16.a3 Nxc5
17.Rxc5 Rxc5 18.b4 Qxa4 19.Qxa4 Rc1+ 20.Ke2 Bxg4+ 21.f3 Bd7 22.Qb3 Be6 23.Qd3 Rc3
24.Qb1 Rxa3 25.Bg2 Nd7 26.Rc1 Nb6 27.Kf2 Na4 28.Rc7 Nc3 29.Qc1 Nb5 30.Rc6 Ra2
31.Kg3 Bd7 32.Rc5 d4 33.Nc4 Nc3 34.Bf1 Bf5 35.exd4 Bxd4 36.Be3 Bxc5 37.bxc5 Rc2
38.Qa3 Nb5 39.Qa5 Rc3 40.Bf2 Be4 41.Nd2 Ra3 42.Qb6 Bf5 43.c6 Nd6 44.Bc5 Ra2
45.Bxd6 exd6 46.Ne4 d5 47.Nd6 Be6 48.c7 Rf8 49.Bxa6 f5 50.Kf4 Ra4+ 51.Ke5 Bd7
52.Bb5 Bxb5 53.Qxb5 Raa8 54.Qxd5+ Kg7 55.c8=Q Raxc8 56.Nxc8 Re8+ 57.Kf4 Kh6
58.Nd6 Rb8 59.Kg3 Rb4 60.Nc4 Ra4 61.Qd2+  1-0

[Event "1st WMSG Blitz Pair"]
[Site "Beijing CHN"]
[Date "2008.10.08"]
[Round "5"]
[White "Kakageldyev,A"]
[Black "Sarakauskas,G"]
[Result "0-1"]
[WhiteElo "2449"]
[BlackElo "2429"]

1.d4 d5 2.c4 c6 3.Nf3 Nf6 4.Nc3 a6 5.cxd5 cxd5 6.Bf4 Nc6 7.e3 Bf5 8.Bd3 Bxd3
9.Qxd3 e6 10.O-O Be7 11.h3 O-O 12.Rfc1 Rc8 13.Nd2 Na5 14.Na4 Nd7 15.e4 b5
16.Nc3 Nf6 17.b3 Ba3 18.Rc2 dxe4 19.Ndxe4 Nc6 20.Rd2 Nd5 21.Nxd5 Qxd5 22.Ng5 g6
23.Ne4 Be7 24.Rad1 Rfd8 25.Nc3 Qf5 26.Qxf5 gxf5 27.d5 Nb4 28.dxe6 fxe6 29.Be5 Rxd2
30.Rxd2 Rd8 31.Re2 Kf7 32.Bg3 Bf6 33.Re3 Rd2 34.a4 Nc2 35.Rf3 Nd4 36.Re3 b4  0-1

[Event "1st WMSG Rapid Pair"]
[Site "Beijing CHN"]
[Date "2008.10.09"]
[Round "1"]
[White "Kakageldyev,A"]
[Black "Matamoros Franco,C"]
[Result "0-1"]
[WhiteElo "2449"]
[BlackElo "2525"]

1.d4 d5 2.c4 c6 3.Nf3 Nf6 4.Nc3 a6 5.c5 g6 6.h3 Bg7 7.Bf4 Bf5 8.Qb3 Ra7 9.e3 Nbd7
10.Be2 Be4 11.Ng5 Bxg2 12.Rg1 Be4 13.f3 Bf5 14.e4 Be6 15.Nxe6 fxe6 16.e5 Nh5
17.Be3 O-O 18.Qc2 Rf7 19.Qd2 Qf8 20.f4 Nxf4 21.Bxf4 Rxf4 22.Bg4 Kh8 23.Bxe6 Bh6
24.Bxd7 Re4+ 25.Nxe4 Bxd2+ 26.Nxd2 Qf4 27.Rg4 Qe3+ 28.Kd1 Ra8 29.Kc2 Rf8
30.Rf1 Rxf1 31.Nxf1 Qxh3 32.Nd2 h5 33.Rxg6 Qxd7 34.e6 Qe8 35.Rg5 Kh7 36.Nf3 Kh6
37.Kd3 Qf8 38.Rg3 Qf4  0-1

[Event "FSIM October"]
[Site "Budapest HUN"]
[Date "2008.10.10"]
[Round "6"]
[White "Lengyel,B"]
[Black "Szeberenyi,A"]
[Result "1/2-1/2"]
[WhiteElo "2309"]
[BlackElo "2310"]

1.d4 d5 2.c4 c6 3.Nc3 Nf6 4.Nf3 a6 5.e3 b5 6.b3 Bg4 7.Be2 e6 8.O-O Be7 9.Bb2 O-O
10.h3 Bf5 11.Rc1 Nbd7 12.Ne5 Rc8 13.Qd2 Nxe5 14.dxe5 Nd7 15.f4  1/2-1/2

[Event "1st WMSG Blitz Team"]
[Site "Beijing CHN"]
[Date "2008.10.13"]
[Round "3"]
[White "Tovsanaa,N"]
[Black "Glud,J"]
[Result "0-1"]
[WhiteElo "2301"]
[BlackElo "2444"]

1.d4 d5 2.c4 c6 3.Nf3 Nf6 4.Nc3 a6 5.b3 Bf5 6.e3 e6 7.Be2 h6 8.O-O Nbd7 9.h3 Bd6
10.Bb2 O-O 11.Re1 Re8 12.Rc1 Qe7 13.Bd3 Bxd3 14.Qxd3 dxc4 15.bxc4 e5 16.Qd1 e4
17.Nh4 g6 18.g3 Qe6 19.Kh2 Rad8 20.Ne2 g5 21.Ng2 Nf8 22.Qb3 Qe7 23.d5 c5
24.Rb1 Rd7 25.Bc3 Ng6 26.Qb2 Nh5 27.Qc2 Nh4 28.Nxh4 gxh4 29.Nf4 hxg3+ 30.fxg3 Nf6
31.Rf1 Nh7 32.Qe2 Ng5 33.Qh5 Nf3+ 34.Kh1 Qg5 35.Rb6 Bxf4 36.Qxg5+ Bxg5 37.Kg2 Bxe3
38.h4 Bd4 39.Ba5 f6 40.Rfb1 Nd2 41.Bxd2 e3 42.Be1 Ree7 43.Re6 Rxe6 44.dxe6 Re7
45.Rb6 Kg7 46.Kf3 f5 47.Rd6 Kf6 48.Rd7 Kxe6 49.Rd5 b5 50.Rd8 bxc4 51.Ra8 Kd5
52.Rxa6 c3 53.Bxc3 Bxc3 54.Ke2 Re6 55.Ra3 Bd4 56.Ra8 Rb6 57.Rd8+ Ke4 58.Re8+ Be5
59.Rd8 Rb2+ 60.Ke1 Kf3  0-1

[Event "1st WMSG Blitz Team w"]
[Site "Beijing CHN"]
[Date "2008.10.13"]
[Round "3"]
[White "Caoili,A"]
[Black "Skytte,T"]
[Result "1-0"]
[WhiteElo "2170"]
[BlackElo "1957"]

1.d4 d5 2.Nf3 Nf6 3.c4 c6 4.Nc3 a6 5.e3 Bg4 6.Be2 e6 7.O-O Nbd7 8.b3 Be7
9.Bb2 O-O 10.h3 Bh5 11.Ne5 Bxe2 12.Qxe2 Rc8 13.Rad1 Bd6 14.f4 b5 15.c5 Bb8
16.Nb1 Qa5 17.a3 Qd8 18.Nd2 a5 19.Ng4 h6 20.Ba1 Nh5 21.Qf3 Nhf6 22.e4 dxe4
23.Nxe4 Nd5 24.Ne5 N7f6 25.Rd3 b4 26.a4 Nxe4 27.Qxe4 Qf6 28.f5 Qg5 29.fxe6 fxe6
30.Rdf3 Nf6 31.Qe2 Qh5 32.Nd3 Qd5 33.Ne5 Qxb3 34.Rxb3 Bxe5 35.Qxe5 Rcd8 36.Qxe6+ Kh8
37.Qxc6 Rc8 38.Qb7 Rb8 39.Qa6 Ra8 40.Qc4 Rae8 41.d5 Re4 42.Qd3 Rfe8 43.d6 Nd7
44.Rf7 Nxc5 45.Bxg7+ Kg8 46.Qf3 Nxb3 47.Rf8+ Kxg7 48.Qf7+  1-0

[Event "1st WMSG Blitz Team"]
[Site "Beijing CHN"]
[Date "2008.10.13"]
[Round "5"]
[White "Dietmayer Kraeutler,M"]
[Black "Glud,J"]
[Result "0-1"]
[WhiteElo "2302"]
[BlackElo "2444"]

1.d4 d5 2.c4 c6 3.Nc3 Nf6 4.Nf3 a6 5.e3 Bf5 6.b3 e6 7.Bb2 h6 8.Bd3 Bxd3 9.Qxd3 Nbd7
10.O-O Be7 11.Rad1 O-O 12.e4 dxe4 13.Nxe4 Qa5 14.a3 Rfd8 15.b4 Qc7 16.h3 a5
17.b5 cxb5 18.cxb5 Nxe4 19.Qxe4 Nf6 20.Qd3 a4 21.Rc1 Qb6 22.Qc4 Rd5 23.Qc7 Bd8
24.Qf4 Rxb5 25.Ba1 Be7 26.Ne5 Bxa3 27.Rcd1 Bd6 28.Qh4 Rc8 29.d5 exd5 30.Qxa4 Ra5
31.Nd7 Nxd7 32.Qxd7 Qc7 33.Qg4 Bf8 34.Bb2 Rc5 35.Qf3 Rd8 36.Bd4 Rc4 37.Be3 d4
38.Qe2 b5 39.Bd2  0-1

[Event "1st WMSG Blitz Team w"]
[Site "Beijing CHN"]
[Date "2008.10.13"]
[Round "8"]
[White "Grigoryan Lyell,M"]
[Black "Skytte,T"]
[Result "0-1"]
[WhiteElo "2076"]
[BlackElo "1957"]

1.d4 d5 2.Nf3 Nf6 3.c4 c6 4.Nc3 a6 5.Bg5 h6 6.Bh4 Bf5 7.e3 e6 8.c5 Be7 9.Ne5 Nbd7
10.f4 O-O 11.Bd3 Ne4 12.Bxe7 Qxe7 13.Bxe4 Bxe4 14.O-O Nf6 15.Nxe4 Nxe4 16.f5 Qg5
17.Qf3 Nd2 18.Qe2 Nxf1 19.Rxf1 exf5 20.Rf3 Rfe8 21.Rg3 Qh4 22.Rh3 Qe4 23.b3 Re6
24.Rf3 Rae8 25.Rf4 Qb1+ 26.Rf1 Qe4 27.Rf4 Qb1+ 28.Rf1 Qe4 29.Rf4 Rxe5 30.dxe5 Qxe5
31.Kf2 g5 32.Rb4 f4 33.g3 fxe3+ 34.Kg2 d4 35.Rxb7 Qe4+ 36.Kf1 Re6 37.Ke1 Qb1+
38.Qd1 Qxd1+ 39.Kxd1 Kg7 40.Ke2  0-1

[Event "1st WMSG Blitz Team w"]
[Site "Beijing CHN"]
[Date "2008.10.13"]
[Round "11"]
[White "Bensdorp,M"]
[Black "Skytte,T"]
[Result "1-0"]
[WhiteElo "2303"]
[BlackElo "1957"]

1.d4 d5 2.c4 c6 3.Nf3 Nf6 4.Nc3 a6 5.e3 Bg4 6.h3 Bh5 7.Qb3 Qd7 8.Ne5 Qc7
9.cxd5 cxd5 10.Nxd5 Nxd5 11.Qxd5 e6 12.Qb3 Bd6 13.Nc4 O-O 14.Nxd6 Qxd6 15.Bd2 Nc6
16.Bd3 Rfd8 17.Be4 Rac8 18.O-O e5 19.d5 Ne7 20.Bc3 Be2 21.Rfe1 Bc4 22.Qc2 Bxd5
23.Bxh7+ Kh8 24.Be4 b5 25.Bxd5 Nxd5 26.Qf5 Nxc3 27.bxc3 Rxc3 28.Qxf7 Rc2
29.Qh5+ Kg8 30.Rad1 Qf6 31.Rxd8+ Qxd8 32.Qxe5 Qf8 33.Qd5+ Kh8 34.f3 Rb2 35.Rc1 Re2
36.Qh5+ Kg8 37.Qd5+ Kh8 38.Qe6 Qb8 39.Rc8+ Qxc8 40.Qxc8+ Kh7 41.e4 Rxa2 42.e5 b4
43.Qf5+ Kg8 44.Qe6+ Kh8 45.Qxa2 a5 46.Qxa5 b3 47.Qb5 g5 48.e6 Kg7 49.e7 Kf6
50.e8=Q Kg7 51.Qbd7+ Kf6 52.Qee6+  1-0

[Event "1st WMSG Rapid Team w"]
[Site "Beijing CHN"]
[Date "2008.10.15"]
[Round "5"]
[White "Grigoryan Lyell,M"]
[Black "Skytte,T"]
[Result "1-0"]
[WhiteElo "2076"]
[BlackElo "1957"]

1.d4 d5 2.c4 c6 3.Nc3 Nf6 4.Nf3 a6 5.e3 b5 6.c5 Bg4 7.Be2 Nbd7 8.h3 Bh5 9.O-O Qc7
10.Qb3 e5 11.a4 e4 12.Nd2 Bxe2 13.Nxe2 Qa5 14.axb5 Qxb5 15.Qxb5 cxb5 16.b4 Be7
17.Nc3 O-O 18.Nb3 Rfc8 19.Bd2 Bd8 20.Ra2 h6 21.Rfa1 Rc6 22.Nxb5 Rb8 23.Na7 Rc7
24.Rxa6 Nf8 25.b5 Ne6 26.b6 Rcb7 27.Na5 Rd7 28.c6 Rd6 29.c7 Nxc7 30.bxc7 Bxc7
31.N5c6 Rb2 32.Bb4 Re6 33.Nb5 Rxc6 34.Rxc6 Rxb4 35.Nxc7 Rb2 36.Ra8+ Kh7 37.Ne8 Rb1+
38.Kh2 Nd7 39.Ra7 Nb6 40.Rxf7 Nc4 41.Rxg7+ Kh8 42.Rxh6+  1-0

[Event "1st WMSG Rapid Team w"]
[Site "Beijing CHN"]
[Date "2008.10.15"]
[Round "6"]
[White "Vovk,Ok"]
[Black "Houska,Jo"]
[Result "0-1"]
[WhiteElo "2142"]
[BlackElo "2399"]

1.d4 d5 2.c4 c6 3.Nf3 Nf6 4.Nc3 a6 5.a4 e6 6.e3 c5 7.dxc5 Bxc5 8.cxd5 exd5
9.Be2 Nc6 10.O-O O-O 11.b3 Re8 12.Bb2 Bf5 13.Rc1 Bd6 14.Nd4 Nxd4 15.Qxd4 Be5
16.Qb4 Qd7 17.Rfd1 Rac8 18.Bf3 Be6 19.Ba1 Bd6 20.Qd4 Bc5 21.Qh4 Ba3 22.Rc2 Be7
23.Qf4 Qc7 24.Qxc7 Rxc7 25.Rcd2 Bb4 26.Nxd5 Nxd5 27.Rxd5 Bxd5 28.Bxd5 Rec8
29.Bb2 Rc2 30.Bd4 Rc1 31.Rf1 b5 32.axb5 axb5 33.g3 Rxf1+ 34.Kxf1 Rc1+ 35.Kg2 Bc3
36.Bb6 Rd1 37.Bc6 b4 38.Bc5 Be1 39.Bd4 Rd2 40.Kf3 Rxf2+  0-1

[Event "1st WMSG Rapid Team w"]
[Site "Beijing CHN"]
[Date "2008.10.16"]
[Round "9"]
[White "Mira,H"]
[Black "Houska,Jo"]
[Result "0-1"]
[WhiteElo "2115"]
[BlackElo "2399"]

1.Nf3 d5 2.d4 Nf6 3.c4 c6 4.Nc3 a6 5.c5 g6 6.Bf4 Bg7 7.h3 O-O 8.e3 Bf5 9.Bd3 Bxd3
10.Qxd3 Nfd7 11.O-O e5 12.Nxe5 Nxe5 13.Bxe5 Bxe5 14.dxe5 Nd7 15.Qd4 Qe7 16.e4 Qxe5
17.Qxe5 Nxe5 18.exd5 cxd5 19.Nxd5 Nd3 20.b4 Rad8 21.Ne3 Nxb4 22.Rfb1 Nd3
23.Rxb7 Nxc5 24.Rc7 Ne4 25.f3 Ng5 26.Rc6 Rfe8 27.Ng4 Re2 28.Rc3 Rdd2 29.Ne3 Rxa2
30.Rxa2 Rxa2 31.Rc6 Ne6 32.Kh2 Nd4 33.Rc8+ Kg7 34.Kg3 Ne2+ 35.Kf2 Nd4+ 36.Kg3 Re2
37.Rd8 Rxe3 38.Rxd4 Re5 39.h4 a5 40.Rd6 Re6 41.Rd4 Kf6 42.Kf4 Rb6 43.Kg3 h5
44.Ra4 Rb5 45.Kh3 Ke5 46.Re4+ Kd6 47.Ra4 Kc5 48.Rf4 Rb7 49.Rf6 a4 50.Ra6 Kb4
51.Kg3 a3 52.Kf4 Kb3 53.g4 hxg4 54.fxg4 a2 55.h5 Rb4+ 56.Kg5 Ra4  0-1

[Event "1st WMSG Rapid Team"]
[Site "Beijing CHN"]
[Date "2008.10.16"]
[Round "9"]
[White "Fesalbon,R"]
[Black "Cooper,L"]
[Result "0-1"]
[WhiteElo "2061"]
[BlackElo "2313"]

1.Nf3 Nf6 2.d4 d5 3.c4 c6 4.Nc3 a6 5.cxd5 cxd5 6.e3 Nc6 7.Be2 Bf5 8.O-O e6
9.Nh4 Bg6 10.Nxg6 hxg6 11.a3 Bd6 12.g3 Rc8 13.Bd2 g5 14.b4 Nd7 15.b5 axb5
16.Nxb5 Bb8 17.f4 gxf4 18.exf4 f5 19.Bf3 Nf6 20.Re1 Ne4 21.a4 Qf6 22.Bxe4 fxe4
23.Be3 Nb4 24.Re2 Nd3 25.Raa2 O-O 26.Rac2 Rc6 27.Kg2 Qg6 28.Kh1 Qg4 29.Qf1 g5
30.Rxc6 bxc6 31.Nc3 e5 32.dxe5 Bxe5 33.Nd1 Bd6 34.Nf2 Qf3+ 35.Kg1 gxf4 36.Nxd3 Qxf1+
37.Kxf1 exd3  0-1

[Event "28th OIS"]
[Site "Munich GER"]
[Date "2008.10.16"]
[Round "6"]
[White "De Francesco,K"]
[Black "Krulich,R"]
[Result "1/2-1/2"]
[WhiteElo "2345"]
[BlackElo "2239"]

1.d4 d5 2.c4 c6 3.Nf3 Nf6 4.Nc3 a6 5.e3 b5 6.c5 g6 7.h3 Bg7 8.Be2 O-O 9.O-O Nfd7
10.b4 a5 11.bxa5 Nxc5 12.Bd2 b4 13.Na4 Nxa4 14.Qxa4 c5 15.Qb3 Nc6 16.Bb5 Nxa5
17.Qd1 Rb8 18.Ba4 Nc4 19.Bc1 Ba6 20.Re1 Nd6 21.a3 Ne4 22.axb4 Rxb4 23.Ba3 Rb8
24.Bc2 f5 25.Bxe4 fxe4 26.Bxc5 exf3 27.Rxa6 fxg2 28.Ra2 Qd7 29.Qg4 Rf5 30.f4 Qe6
31.Rxg2 Qe4 32.Rge2 Rbf8 33.Qg2 Qe6 34.Rb1 Rh5 35.Qg4 Qe4 36.Rb7 Bf6 37.Rb6 Rh4
38.Qg2 Qf5 39.Kh2 Rc8 40.Rb7 Kf7 41.Ra2 Rc6 42.Ra3 Re6 43.Rb2  1/2-1/2

[Event "24th ECC"]
[Site "Kallithea GRE"]
[Date "2008.10.17"]
[Round "1"]
[White "Van Wessel,R"]
[Black "Volkov,Sergey1"]
[Result "0-1"]
[WhiteElo "2307"]
[BlackElo "2632"]

1.d4 d5 2.c4 c6 3.Nf3 Nf6 4.Nc3 a6 5.c5 Nbd7 6.Bf4 Nh5 7.Bg5 h6 8.Bd2 Nhf6
9.Qc2 g6 10.h3 Qc7 11.e4 dxe4 12.Nxe4 Nxe4 13.Qxe4 Nf6 14.Qe5 Qxe5+ 15.dxe5 Ne4
16.Be3 Be6 17.Bd3 Bd5 18.O-O O-O-O 19.Rfd1 Bg7 20.Rac1 Ng5 21.Nxg5 hxg5 22.Bxg5 Bxe5
23.b3 f6 24.Be3 g5 25.Re1 Bxb3 26.Bxa6 Bxa2 27.Bc4 Bxc4 28.Rxc4 Rd5 29.Rb1 Rh4
30.Rc2 Rb4 31.Rbc1 g4 32.hxg4 Rxg4 33.f3 Rh4 34.Ra2 Rb4 35.Kf2 f5 36.g3 Rb3
37.f4 Rdd3  0-1

[Event "24th ECC"]
[Site "Kallithea GRE"]
[Date "2008.10.17"]
[Round "1"]
[White "Eames,R"]
[Black "Roiz,M"]
[Result "1/2-1/2"]
[WhiteElo "2329"]
[BlackElo "2677"]

1.d4 Nf6 2.c4 c6 3.Nc3 d5 4.Nf3 a6 5.c5 Bf5 6.Bf4 Nbd7 7.e3 Nh5 8.Be5 Nhf6
9.Bd3 Bg4 10.h3 Bxf3 11.Qxf3 b6 12.cxb6 Qxb6 13.O-O Qxb2 14.Rac1 e6 15.Rc2 Qa3
16.Bf4 Bd6 17.Bg5 h6 18.Bxf6 Nxf6 19.e4 Bb4 20.Rfc1 Qa5 21.e5 Nd7 22.Nb1 O-O
23.a3 Be7 24.Rxc6 Bg5 25.R1c3 Qa4 26.Qg4 Rfb8 27.Bc2 Qb5 28.f4 Be7 29.f5 exf5
30.Qxf5 Nf8 31.Rc7 Qe8 32.Nd2 Bd8 33.R7c5 Bb6 34.Rxd5 Rd8 35.Rxd8 Rxd8 36.Nf3 Bxd4+
37.Nxd4 Rxd4 38.Rc8 Rd8 39.Rxd8 Qxd8 40.Kh2 Qe7 41.Bb3 g6 42.Qf6 Qxf6 43.exf6 Nd7
44.Kg3 Nxf6 45.Kf4 Kf8 46.Ke5 Ke7 47.Kd4 Nd7 48.Kd5 f5 49.a4 a5 50.Kc6 g5
51.Kb5 g4 52.hxg4 fxg4 53.Kxa5 Nc5 54.Bc2 h5 55.Kb6 Nxa4+ 56.Bxa4 Kf6 57.Kc5 Ke5
58.Bc6  1/2-1/2

[Event "24th ECC"]
[Site "Kallithea GRE"]
[Date "2008.10.18"]
[Round "2"]
[White "Babula,V"]
[Black "Siebrecht,S"]
[Result "1-0"]
[WhiteElo "2608"]
[BlackElo "2451"]

1.d4 d5 2.c4 c6 3.Nf3 Nf6 4.Nc3 a6 5.c5 Nbd7 6.Bf4 Nh5 7.Bd2 g6 8.e4 dxe4
9.Nxe4 Ndf6 10.Nxf6+ Nxf6 11.Bc4 Bg7 12.Qb3 O-O 13.O-O a5 14.h3 a4 15.Qa3 Bf5
16.Rfe1 Be4 17.Ne5 Bd5 18.Be3 Bxc4 19.Nxc4 Nd5 20.Rad1 Re8 21.Bg5 Qc7 22.Bh4 Qf4
23.Bg3 Qg5 24.Be5 h5 25.Re4 Qf5 26.Rde1 Bxe5 27.Rxe5 Qf4 28.R5e4 Qc7 29.Re5 Kg7
30.Qf3 Red8 31.Nb6 e6 32.Nxa8 Rxa8 33.R5e2 Ra5 34.Rc1 Qb8 35.Rc4 Qa7 36.g3 Qa6
37.Rec2 Qa8 38.h4 Qa6 39.Qe2 Kg8 40.Qd2 Kg7 41.Qc1 Rb5 42.Rd2 Ra5 43.Rd3 Rb5
44.Rf3 Kg8 45.Kh2 Ne7 46.Ra3 Rxb2 47.Raxa4 Qb5 48.Qh6 Rxf2+ 49.Kh3  1-0

[Event "24th ECC"]
[Site "Kallithea GRE"]
[Date "2008.10.18"]
[Round "2"]
[White "Khmelniker,I"]
[Black "Kuehn,Pe1"]
[Result "1-0"]
[WhiteElo "2443"]
[BlackElo "2446"]

1.d4 d5 2.Nf3 Nf6 3.c4 c6 4.Nc3 a6 5.e3 b5 6.c5 g6 7.Ne5 Nfd7 8.f4 Nxe5 9.fxe5 Bg7
10.Be2 f6 11.exf6 exf6 12.e4 Be6 13.O-O O-O 14.Bf3 f5 15.e5 Nd7 16.Ne2 a5
17.Nf4 Qe7 18.Bd2 Rf7 19.Nh3 h6 20.Nf4 Nf8 21.Qe1 a4 22.Qg3 g5 23.Nxe6 Nxe6
24.Bh5 Rff8 25.Qd3 f4 26.Bd1 Rf7 27.Bc2 Nf8 28.g3 fxg3 29.hxg3 Ra7 30.Rxf7 Qxf7
31.Rf1 Qh5 32.Bd1 Qh3 33.Qf3 Ne6 34.Be3 h5 35.Bc2 Kh8 36.Bf5 g4 37.Bxe6  1-0

[Event "24th ECC"]
[Site "Kallithea GRE"]
[Date "2008.10.20"]
[Round "4"]
[White "Siebrecht,S"]
[Black "Kuehn,Pe1"]
[Result "1-0"]
[WhiteElo "2451"]
[BlackElo "2446"]

1.d4 d5 2.Nf3 Nf6 3.c4 c6 4.Nc3 a6 5.a4 e6 6.Bg5 Nbd7 7.a5 Bb4 8.Qa4 Be7
9.e3 O-O 10.Be2 c5 11.cxd5 Nxd5 12.Bxe7 Nxe7 13.O-O cxd4 14.Nxd4 Ne5 15.Rfd1 Qc7
16.Qa3 N7c6 17.Nxc6 Nxc6 18.Qd6 Qxd6 19.Rxd6 Rd8 20.Rxd8+ Nxd8 21.Rd1 Nc6
22.Bf3 Kf8 23.Bxc6 bxc6 24.Rd6 Ke7 25.Rxc6 Rb8 26.b4 Bd7 27.Rc4 e5 28.Nd5+ Kd6
29.Nb6 Bb5 30.Rc5 f5 31.f3 Ke6 32.f4 exf4 33.exf4 g6 34.Kf2 Kd6 35.Kg3 Re8
36.Rd5+ Kc6 37.Re5 Rd8 38.Re6+ Rd6 39.Rxd6+ Kxd6 40.Kf2 Kc6 41.g3 Bd3 42.Ke3 Bf1
43.Kd4 Kb5 44.Kc3 Kc6 45.Nc4 Be2 46.Ne5+ Kd5 47.Nf7 h6 48.Nxh6 Ke4 49.Nf7 Kf3
50.Ne5+ Kg2 51.Nxg6 Kxh2 52.Kd4 Kxg3 53.Ke5 Bd3 54.Ne7 Kg4 55.Nd5 Kf3 56.Nc7 Kg3
57.b5 axb5 58.a6 b4 59.a7 b3 60.a8=Q b2 61.Qg8+ Kh4 62.Qd8+  1-0